| 000 | 00000nas##2200000za#4500 |
| 001 | 9.500506 |
| 003 | CaOODSP |
| 005 | 20200330174507 |
| 007 | cr ||||||||||| |
| 008 | 150406c2001||||xxc|| m o||||f| |0fre|d |
| 022 | |a1919-5044 |
| 040 | |aCaOODSP|bfre |
| 041 | |aeng |
| 041 | |afre |
| 043 | |an-cn--- |
| 086 | 1 |aFs70-5-PDF |
| 110 | 1 |aCanada. |bMinistère des pêches et des océans. |
| 245 | 10|aSecrétariat canadien de consultation scientifique, document de recherche |h[ressource électronique] |
| 260 | |aOttawa - Ontario : |bPêches et Océans Canada |
| 310 | |aIrrégulier |
| 362 | 1 |a2001/001 -- |
| 775 | 08|tSecrétariat canadien de consultation scientifique, document de recherche |w(CaOODSP)9.503788 |
| 775 | 08|tCanadian Science Advisory Secretariat research document |w(CaOODSP)9.507396 |
| 780 | 00|tSecrétariat canadien pour l'évaluation des stocks, document de recherche |w(CaOODSP)9.808535 |
| 791 | |tCanadian Science Advisory Secretariat research document |eeng|w(CaOODSP)9.500505 |